=LDR 00000nam 2200000 4500 =001 INLIS000000000020723 =005 20130612115644 =008 ***********************************Ind** =035 ##$$0010-061300000020723 =041 ##$$a Ind =082 ##$$a 347.05 =090 ##$$a 347.05, Sur p =100 ##$$a Suroso, R =245 ##$$a Praktek hukum acara perdata, tat cara dan proses persidangan, R. Suroso =260 ##$$a 1996 $b Jakarta =300 ##$$a xi, 142 hlm, 20 cm =650 ##$$a Hukum Perdata =850 ##$$a NBPNMAT